000 00777nam a2200205 4500
001 114080
003 ES-MaACL
005 20230906190055.0
007 t|
008 061121s1959 sp r ||||1| spa d
100 1 _aPalomares, Manuel.
_988676
245 1 0 _aVariaciones de los esferocristales en las precipitaciones atmosféricas /
_cpor Manuel Palomares.
260 _aMadrid :
_bSección de Investigaciones,
_c1959.
300 _a15 p. ;
_c24 cm.
490 1 _aServicio meteorológico nacional. Publicaciones serie A (memorias) ;
_v34
710 1 _aEspaña.
_bServicio Meteorológico Nacional.
_93981
830 0 _aServicio meteorológico nacional. Publicaciones serie A (memorias) ;
_v34
_9233230
852 _aES-MaACL
_j2019-F-27
_bR.44581
999 _c114080
_d114080